Detalles MARC
| 000 -CABECERA |
| campo de control de longitud fija |
01765nam a2200325 i 4500 |
| 003 - IDENTIFICADOR DEL NÚMERO DE CONTROL |
| campo de control |
DO-SdBNP |
| 005 - FECHA Y HORA DE LA ÚLTIMA TRANSACCIÓN |
| campo de control |
20240305073657.0 |
| 007 - CAMPO FIJO DE DESCRIPCIÓN FÍSICA--INFORMACIÓN GENERAL |
| campo de control de longitud fija |
ta |
| 008 - DATOS DE LONGITUD FIJA--INFORMACIÓN GENERAL |
| campo de control de longitud fija |
110413s2023 dr o 000 0 spa d |
| 020 ## - NÚMERO INTERNACIONAL ESTÁNDAR DEL LIBRO |
| Número Internacional Estándar del Libro |
9789945939606 |
| 040 ## - FUENTE DE LA CATALOGACIÓN |
| Centro catalogador/agencia de origen |
DO-SdBNP |
| Lengua de catalogación |
spa |
| Centro/agencia transcriptor |
BNPHU |
| Normas de descripción |
rda |
| 041 ## - CÓDIGO DE LENGUA |
| Código de lengua original |
fra. |
| 082 ## - NÚMERO DE LA CLASIFICACIÓN DECIMAL DEWEY |
| Número de documento/Ítem |
P489f |
| Número de edición |
22 |
| 100 1# - ENTRADA PRINCIPAL--NOMBRE DE PERSONA |
| Nombre de persona |
Petitjean Roget, Henry |
| 9 (RLIN) |
84383 |
| 245 10 - MENCIÓN DE TÍTULO |
| Título |
Historias de una colección arqueológica : |
| Resto del título |
una introducción al estudio del arte taíno / |
| Mención de responsabilidad, etc. |
Henry Petitjean Roget ; prefacio Manuel A. García Arévalo ; fotos Milka Pasco |
| 246 #0 - FORMA VARIANTE DE TÍTULO |
| Título propio/Titulo breve |
Histoire d´ une collection archéologique : |
| Resto del título |
une introduction á l´étude de l´art taïno / |
| 264 #1 - PRODUCCIÓN, PUBLICACIÓN, DISTRIBUCIÓN, FABRICACIÓN Y COPYRIGHT |
| Producción, publicación, distribución, fabricación y copyright |
Santo Domingo : |
| Nombre del de productor, editor, distribuidor, fabricante |
Fundación Nicole & Pierre Domino, |
| -- |
Amigo del hogar, |
| Fecha de producción, publicación, distribución, fabricación o copyright |
2023. |
| 300 ## - DESCRIPCIÓN FÍSICA |
| Extensión |
131 páginas |
| Dimensiones |
32 cm. |
| Otras características físicas |
fotografías |
| 336 ## - TIPO DE CONTENIDO |
| Fuente |
rdacontent |
| Término de tipo de contenido |
texto |
| Código de tipo de contenido |
txt |
| 337 ## - TIPO DE MEDIO |
| Fuente |
rdamedia |
| Nombre/término del tipo de medio |
sin mediación |
| Código del tipo de medio |
n |
| 338 ## - TIPO DE SOPORTE |
| Fuente |
rdacarrier |
| Nombre/término del tipo de soporte |
volumen |
| Código del tipo de soporte |
nc |
| 500 ## - NOTA GENERAL |
| Nota general |
Libro de pasta dura. |
| 504 ## - NOTA DE BIBLIOGRAFÍA, ETC. |
| Nota de bibliografía, etc. |
Bibliografías p: 127-131 |
| 505 2# - NOTA DE CONTENIDO CON FORMATO |
| Título |
Prefacio -- |
| -- |
A modo e introducción -- |
| -- |
La colección taína de la fundación Nicole y Pierre Domino -- |
| -- |
Un poco de historia: al final de una navegación, un encuentro -- |
| -- |
Asentamientos amerindios precolombinos en las Antillas -- |
| -- |
Breves aspectos de la sociedad taína -- |
| -- |
Los temas principales del arte taíno -- |
| -- |
sobre algunas técnicas de fabricación -- |
| -- |
Foco sobre algunos objetos de la colección -- |
| -- |
Álbum de formas y diseños cerámicos de la colección Nicole y Pierre Domino -- |
| -- |
En conclusión -- |
| -- |
Agradecimientos -- |
| -- |
Directrices bibliográficas -- |
| 590 ## - NOTA LOCAL (RLIN) |
| Nota local |
Inventariado, 2023/ YL |
| 700 1# - PUNTO DE ACCESO ADICIONAL--NOMBRE DE PERSONA |
| Nombre de persona |
Silié, Rubén, |
| Fechas asociadas al nombre |
1946- |
| Término indicativo de función/relación |
prefacio |
| 9 (RLIN) |
1421 |
| 700 ## - PUNTO DE ACCESO ADICIONAL--NOMBRE DE PERSONA |
| Nombre de persona |
Pasco, Milka |
| Término indicativo de función/relación |
fotografías |
| 9 (RLIN) |
84384 |
| 910 ## - DATOS DE OPCIÓN DEL USUARIO (OCLC) |
| Datos de opción del usuario |
YLockward |
| 942 ## - ELEMENTOS DE PUNTO DE ACCESO ADICIONAL (KOHA) |
| Fuente del sistema de clasificación o colocación |
Dewey Decimal Classification |
| Tipo de ítem Koha |
Libro |